[Event "West Wales Congress Major"]
[Site "Swansea"]
[Date "2019.10.12"]
[Round "3.4"]
[White "Horrell, Stephen"]
[Black "Pe, Philip"]
[Result "0-1"]
[WhiteElo "1696"]
[BlackElo "1789"]
[Annotator "kemen"]
[PlyCount "92"]
[EventDate "2019.10.11"]
[EventType "swiss"]
[EventRounds "5"]
[EventCountry "WLS"]

{[%evp 0,92,19,19,83,60,62,63,59,53,51,60,101,50,35,-5,-31,-41,-31,-39,-45,-46,
-38,-42,-51,-88,-49,-50,-55,-48,-8,9,-2,-26,-13,2,58,46,82,61,161,93,95,108,
153,165,167,62,172,199,192,138,169,182,298,1,35,11,72,95,11,35,340,335,406,233,
233,174,702,84,73,-12,911,-225,-221,-513,-521,-521,-325,-337,-335,-393,-350,
-399,-385,-616,-349,-356,-362,-399,-406,-422,-452,-464,-545]} 1. e4 b6 2. d4
Bb7 3. Bd3 e6 4. Nc3 (4. Nf3) 4... Bb4 5. Nge2 Nf6 6. Bg5 (6. O-O) (6. a3) 6...
h6 7. Bh4 (7. Bd2) 7... g5 8. Bg3 Nxe4 9. Bxe4 Bxe4 10. f3 (10. O-O {Wh has a
bit of play for the pawn as the Bl K side has been weakened}) 10... Bb7 11. a3
Be7 12. Qd2 f5 (12... d5 13. Nb5 Na6 14. O-O-O Qd7 $17) 13. O-O-O $11 (13. d5
$14) 13... f4 14. Bf2 Bf6 15. d5 (15. h4 $14) 15... Na6 16. Ne4 Bg7 (16... Bxd5
17. Nxf6+ Qxf6 18. Nc3 Bc6 19. Bd4 Qf8 20. Bxh8 Qxh8 21. h4 $16 {Komodo13}) 17.
N2c3 e5 18. d6 $18 {immobilizes the Bl position} c6 19. h4 Nc5 20. hxg5 (20.
Bxc5 bxc5 21. hxg5 hxg5 22. Rxh8+ Bxh8 23. Nxc5 $18) 20... Nxe4 21. Nxe4 hxg5
22. Rxh8+ Bxh8 23. Rh1 Kf7 24. Qd3 c5 25. Rh5 (25. Nxc5 $1 Qf6 (25... bxc5 26.
Qf5+ Bf6 (26... Qf6 27. Qxd7+) 27. Rh7+ Kf8 28. Rxd7 $18) 26. Nxb7 Qe6 27. Be1
Bg7 28. Bc3 Rb8 29. Rh7 Rxb7 30. Qe4 Rb8 31. Bxe5 Rg8 32. Kd2 $18 {Komodo13})
25... Bxe4 26. Qxe4 Ke6 (26... Bg7 27. g4 a6 28. Qd5+ Kg6 29. a4 a5 30. Be1 $18
{Komodo13- Wh will break in at some point}) 27. g3 (27. Rh6+ Bf6 28. Qg6 Rc8
29. Qxg5 $18 {Komodo13}) 27... Kxd6 28. gxf4 (28. Rh7) 28... exf4 $11 29. Qb7
Bf6 30. Rh6 Ke6 (30... Rb8 31. Qxa7 Ke6 $11) 31. Qe4+ $18 Kf7 32. Rh7+ (32.
Qg6+ $1 Kf8 (32... Ke6 33. Qxg5) 33. Qf5 Kf7 34. Rh7+ Kf8 35. Qg6 Qe7 36. Rxe7
Bxe7 37. Qf5+ Ke8 38. Qd5 Rc8 39. Qg8+ Bf8 40. Qxg5 $18 {Komodo13}) 32... Bg7
33. Be1 (33. Qe5 Qf6 34. Qd5+ Kg6 35. Qe4+ Kf7 36. Qxa8 $18 {Komodo13}) 33...
d5 34. Qf5+ (34. Qe5 Qg8 35. Qxd5+ Kg6 36. Qe4+ Kf7 37. Bc3 $18 {Komodo13})
34... Kg8 35. Rh1 $11 (35. Rh5 $14) 35... Qf6 $2 (35... Qd6 $11) 36. Qh7+ $2 (
36. Qxd5+ Qf7 37. Qxa8+ Qf8 38. Qd5+ Qf7 39. Qd8+ Qf8 40. Qxg5 $18 {Komodo13})
36... Kf7 $19 37. Qd3 Qxb2+ 38. Kd2 Qd4 (38... Qe5) 39. Qxd4 Bxd4 40. Kd3 Rh8
41. Rf1 Rh2 (41... Rh3) 42. Bd2 Rf2 43. Rxf2 Bxf2 44. c4 Ke6 (44... d4) (44...
Be3) 45. cxd5+ Kxd5 46. Bc3 Bd4 0-1

[Event "West Wales Congress Major"]
[Site "Swansea"]
[Date "2019.10.12"]
[Round "3.5"]
[White "Williams, Duncan"]
[Black "Jones, Martin C"]
[Result "1/2-1/2"]
[WhiteElo "1793"]
[BlackElo "1746"]
[Annotator "kemen"]
[PlyCount "50"]
[EventDate "2019.10.11"]
[EventType "swiss"]
[EventRounds "5"]
[EventCountry "WLS"]

{[%evp 0,50,80,37,103,100,50,22,39,22,102,69,81,75,71,42,95,78,57,-37,-31,-22,
-19,-48,12,-10,22,-2,19,1,11,21,21,-3,-7,-53,-27,-73,-72,-75,-93,-75,-27,-22,
11,4,5,-57,-44,0,0,0,0]} 1. e4 c5 2. Nf3 e6 3. d4 cxd4 4. Nxd4 a6 5. Be2 (5.
Nc3) (5. Bd3) 5... Qc7 6. O-O Nf6 (6... Nc6) 7. Qd3 (7. Nc3) 7... b5 (7... Nc6)
(7... d6) 8. a4 $14 {Cloud Engines} b4 9. Bd2 (9. Bg5 Bb7 10. Bxf6 gxf6 11. Nd2
Nc6 12. Nxc6 Bxc6 13. Bf3 h5 14. Rfe1 h4 $11 {David Bordier-Budin, RCCA ch
email 2013,1/2-1/2}) 9... Bb7 10. f3 (10. Bf3 $11) 10... Nc6 (10... d5 $17) 11.
Be3 (11. Nxc6) 11... Be7 (11... d5) (11... Bd6) 12. Nd2 O-O 13. f4 Rac8 14.
Rac1 d5 15. e5 Nxd4 (15... Ne4 $11) 16. Bxd4 Ne4 17. c4 (17. Qe3 Bc5 $11 {
Komodo13}) 17... bxc3 18. Nxe4 (18. bxc3) 18... dxe4 19. Qxc3 Qd7 $17 20. Qe3
Rxc1 (20... Qxa4 $17) 21. Rxc1 Rc8 22. Rxc8+ Qxc8 23. g3 Bb4 24. Bc3 Bc5 25.
Bd4 Bb4 (25... Bxd4 26. Qxd4 Qc1+ 27. Qd1 $11) 1/2-1/2

[Event "West Wales Congress Major"]
[Site "Swansea"]
[Date "2019.10.12"]
[Round "3.6"]
[White "Vesz, Marcell"]
[Black "Jones, Huw"]
[Result "1/2-1/2"]
[WhiteElo "1561"]
[BlackElo "1642"]
[Annotator "kemen"]
[PlyCount "24"]
[EventDate "2019.10.11"]
[EventType "swiss"]
[EventRounds "5"]
[EventCountry "WLS"]

{[%evp 0,24,31,-24,-29,-33,-32,-32,-32,-2,-23,-7,21,27,10,10,34,15,15,25,35,0,
7,2,0,10,19]} 1. c4 e5 2. g3 Nf6 3. Bg2 Bc5 (3... d5) (3... c6) (3... Nc6) 4.
Nc3 O-O 5. e3 c6 (5... Nc6) (5... Re8) 6. Nge2 d5 7. cxd5 cxd5 8. d4 exd4 9.
exd4 (9. Nxd4) 9... Bb6 (9... Bb4) 10. O-O h6 (10... Nc6) 11. Nf4 Bg4 (11...
Be6 12. Nxe6 fxe6 13. Bh3 Qd6 14. Bf4 Qd7 15. Re1 {Halaj-Vasko, Klatovy op
1997,1/2-1/2}) (11... Nc6 12. Be3 Be6 13. Nxe6 fxe6 14. Na4 Ne4 15. Nxb6 axb6
16. Qg4 Qf6 17. Bxe4 dxe4 18. Qxe4 {Florendo-Catequista,PHI National games,
Dumaguete City,2012, 1-0}) 12. Qd3 Nc6 (12... Nc6 13. h3 $14) 1/2-1/2

[Event "West Wales Congress Major"]
[Site "Swansea"]
[Date "2019.10.12"]
[Round "3.7"]
[White "Philpin, Les"]
[Black "Stuart, Neil"]
[Result "1-0"]
[WhiteElo "1675"]
[BlackElo "1660"]
[Annotator "kemen"]
[PlyCount "47"]
[EventDate "2019.10.11"]
[EventType "swiss"]
[EventRounds "5"]
[EventCountry "WLS"]

{[%evp 0,47,27,28,32,30,24,20,49,42,31,18,47,35,26,19,44,12,28,-19,24,-16,-10,
-15,8,-16,-24,-16,15,-35,29,2,82,97,89,48,101,96,134,92,90,-32,-23,-28,124,171,
208,208,399,176]} 1. d4 Nf6 2. Nf3 d5 3. Bf4 g6 4. e3 Bg7 5. Nbd2 Nbd7 6. c3 (
6. Bd3) (6. h3) 6... O-O 7. Be2 c5 8. Qc2 a6 9. Ne5 (9. h4 b5) 9... b5 10. h4
Qb6 (10... Nxe5 {Stockfish10} 11. Bxe5 cxd4 12. exd4 Qb6 13. h5 Bb7 {
Stepa-Raus, Muensterland Verbandsklasse 2004,0-1}) 11. h5 cxd4 (11... Nxe5 12.
Bxe5 cxd4 13. exd4 Nxh5 14. Bxh5 Bf5 15. Qd1 Bxe5 16. dxe5 gxh5 17. Qxh5 Bg6
18. Qh4 $11 {Stockfish10}) 12. exd4 Nxe5 13. Bxe5 Bf5 14. Qd1 Rac8 (14... gxh5)
15. a4 (15. hxg6 hxg6 16. Kf1 $11) (15. h6 Bh8 16. O-O Nd7 $11) 15... Qe6 (
15... b4 $11) 16. hxg6 fxg6 17. Nf3 (17. axb5 axb5 18. Bxb5 $14 {Stockfish10})
17... Ne4 (17... Be4) 18. Qc1 h5 (18... Bf6 19. axb5 axb5 20. Bxb5 $14) 19.
Bxg7 Kxg7 20. Ng5 Nxg5 21. Qxg5 Bg4 (21... b4 22. Rxh5 bxc3 23. bxc3 Rxc3 24.
Kf1 Qf6 $11 {Stockfish10}) 22. f3 $18 Rf5 (22... Bf5 23. Rxh5 Qf6 24. Kd2 b4
25. Bxa6 $18 {Stockfish10}) 23. Qd2 Rcf8 24. O-O-O $18 1-0

[Event "West Wales Congress Major"]
[Site "Swansea"]
[Date "2019.10.12"]
[Round "3.8"]
[White "Chung, Daniel"]
[Black "Parri, Deio"]
[Result "1-0"]
[WhiteElo "1434"]
[BlackElo "1659"]
[Annotator "kemen"]
[PlyCount "44"]
[EventDate "2019.10.11"]
[EventType "swiss"]
[EventRounds "5"]
[EventCountry "WLS"]

{[%evp 0,44,69,27,39,-48,-4,31,30,8,40,14,44,23,19,30,35,32,60,40,45,29,54,16,
52,54,77,71,78,61,66,57,26,23,11,1,28,2,12,6,6,16,9,-12,375,369,570]} 1. d4 d5
2. c4 c6 3. Nc3 Nf6 4. Nf3 e6 5. Bg5 Be7 (5... h6) (5... Nbd7) (5... dxc4 {
main lines}) 6. cxd5 (6. e3 {back to mainstream Queen's Gambut}) 6... cxd5 {
Bl has to watch being caught with inferior piece placement in this pawn
structure- especially the QB} (6... exd5 {main, a bit more unbalanced}) 7. e3
O-O 8. Bd3 Nbd7 (8... Nc6) 9. O-O a6 10. a4 (10. Rc1) 10... Re8 {5-0} (10... b6
{26 games, though still 74% for Wh}) (10... h6 11. Bh4 {29 games, 64% for Wh})
11. Bc2 $146 (11. Qc2) (11. Ne5) 11... Nf8 12. Qd3 N6d7 13. Bxe7 (13. h4 $5)
13... Qxe7 14. e4 {this gives away Wh's advantage} (14. a5 $16) (14. Rfc1 $14)
14... dxe4 15. Qxe4 Nf6 16. Qe2 Bd7 $11 {Bl is getting his pieces into play ,
with a solid K side; while wh has left himself with a isolated d pawn} 17. Rfe1
Bc6 18. Rad1 Bd5 (18... Qb4 $15) (18... Rac8 $15) 19. Nxd5 Nxd5 20. Bb3 Red8
21. Qe4 Rd6 $2 (21... Qb4 22. Qd3 Rac8 $11 {Stockfish10}) 22. Bxd5 $18 Rxd5 1-0

[Event "West Wales Congress Major"]
[Site "Swansea"]
[Date "2019.10.12"]
[Round "3.10"]
[White "Probert, Malcolm"]
[Black "James, Lucas"]
[Result "1-0"]
[WhiteElo "1541"]
[BlackElo "1515"]
[Annotator "kemen"]
[PlyCount "70"]
[EventDate "2019.10.11"]
[EventType "swiss"]
[EventRounds "5"]
[EventCountry "WLS"]

1. Nf3 Nf6 2. g3 g6 3. Bg2 Bg7 4. O-O O-O 5. c4 d6 6. d4 e5 $6 {too early here,
only works in lines where Wh has a pawn on e4, so that Bl can take on e4 &
have the B looking at e5} (6... Nbd7) (6... Nc6) (6... c6) (6... c5 {main lines
}) 7. dxe5 dxe5 8. Nxe5 Qe7 (8... Qxd1 9. Rxd1 {7-0}) 9. Nf3 (9. Nd3 $16 {
Cloud Engines4-0}) 9... Nc6 (9... Ne4 {gives Bl a bit of play for the pawn})
10. e3 {creates unnecessary problems for Wh ; locks in QB & QR & weakens the
wh squares} (10. Nc3 Rd8 11. Qb3 $16 (11. Qa4 $16)) 10... Bg4 (10... Rd8 11.
Nd4 (11. Qa4 Bd7 $15 (11... Ne4 $15)) 11... Ne5 12. Qe2 c5 13. Nc2 Be6 14. Nba3
Nc6 $11 {Stockfish10}) 11. h3 (11. Qb3 Rab8 (11... b6 12. Bd2 Ne4 13. Bc3 Nxc3
14. Nxc3 Rad8 15. Nd5 Qd6 16. Qa4 $14) (11... Ne4 12. Qxb7 Qd7 13. Qb5 Rab8 14.
Qd5 Nd6 15. c5 Nb4 16. Qd1 Ne4 17. Qxd7 Bxd7 $11 {Wh's Q side is entirely
undeveloped}) 12. Qa3 Qxa3 13. Nxa3 Rfd8 $11) 11... Be6 12. Qe2 Na5 (12... Rad8
$11 13. b3 (13. Nc3 Qb4 14. Nd2 Ne5 15. Nb5 c6 16. Nd4 Bxc4 $11) 13... Qd7 14.
Bb2 (14. Kh2 Ng4+ $19) 14... Bxh3 $11) 13. b3 $16 Rad8 14. Bb2 Qd7 15. Nd4 (15.
Ne5 $18) (15. Ng5 $18) 15... Bxh3 $11 16. Nc3 Bxg2 17. Kxg2 Rfe8 (17... Nc6 $11
) 18. Rad1 Qe7 19. Ncb5 (19. Nf3 $14) 19... a6 (19... Ne4 $11) 20. Ba3 (20. Nc3
) 20... Qe4+ $17 21. f3 Qxe3 (21... Qe5 22. Nc3 c5 23. f4 Qxe3 24. Qxe3 Rxe3
25. Nde2 Rde8 $17 {Stockfish10}) 22. Qxe3 Rxe3 23. Nxc7 (23. Kf2 Re5 24. Nxc7
Rd7 25. Na8 Re8 26. Nb6 Ne4+ 27. fxe4 Rxd4 $15 {Stockfish10}) 23... Rc8 (23...
Rd7 $1 24. Kf2 (24. Na8 Nxc4 25. Bc1 Re8 26. bxc4 Red8 27. Be3 Rxa8 $17) 24...
Nxc4 25. Bc1 Ree7 26. Nxa6 Ne5 27. Nc5 Rd5 28. Na4 Red7 29. Nb6 Rxd4 30. Nxd7
Rxd7 31. Rxd7 Nexd7 $17 {Stockfish10}) (23... Nxc4 24. Bc1 Nd2 25. Rxd2 Re7 26.
Nxa6 bxa6 27. Nc6 Rxd2+ 28. Bxd2 Re6 $11 {Stockfish10}) 24. Kf2 (24. Nc2 Rc3 (
24... Nxc4 25. bxc4 Rc3) 25. Rf2 Nxc4 26. bxc4 Rxc4 (26... Rxa3 27. Nxa3 Rxc7
28. Rc2 $14) 27. Bd6 Bf8 28. Ne3 R4xc7 29. Bxc7 Rxc7 30. Rc2 Re7 31. Nd5 Nxd5
32. Rxd5 $14 {()tockfish10}) 24... Re5 (24... Nxc4 $1 25. Bc1 Re7 26. Nxa6 bxa6
27. bxc4 Rxc4 28. Ne2 Re8 $17 {Stockfish10}) 25. Bd6 $16 Rh5 (25... Rg5) 26. g4
Rh2+ $2 (26... Rg5) 27. Bxh2 Nc6 28. Nxc6 bxc6 29. Rd3 h5 30. gxh5 gxh5 31.
Rfd1 Nh7 32. Rd8+ Rxd8 33. Rxd8+ Bf8 34. Bd6 Kg7 35. Bxf8+ Nxf8 1-0

[Event "West Wales Congress Major"]
[Site "Swansea"]
[Date "2019.10.13"]
[Round "4.1"]
[White "Parsons, David"]
[Black "Miga, Tomasz"]
[Result "1/2-1/2"]
[WhiteElo "1691"]
[BlackElo "1759"]
[Annotator "kemen"]
[PlyCount "49"]
[EventDate "2019.10.11"]
[EventType "swiss"]
[EventRounds "5"]
[EventCountry "WLS"]

1. d4 d5 2. Nf3 Nf6 3. e3 e6 4. Bd3 Be7 5. O-O O-O 6. Nbd2 c5 (6... b6) 7. b3
Nbd7 (7... Nc6 8. a3 Qc7 9. Bb2 cxd4 10. exd4 Bd6 {Parsons-Davis, Welsh
Seniors 2017,1-0 ; cf also Parsons-Penny, rd3 West Wales Major 2019,1-0 with 8.
..Nd7}) 8. Bb2 b6 9. Ne5 Bb7 10. f4 Nxe5 (10... Ne4 {main,262 games}) (10...
cxd4 11. exd4 Ne4 {scores better for Bl; 7 Wh wins, 9 draws , 11 Bl wins}) 11.
fxe5 Ne4 12. Bxe4 (12. Nxe4 dxe4 13. Bc4 {18 Wh wins, 1 draw,3 Bl wins}) 12...
dxe4 13. Qg4 {7 Wh wins,1 draw,1 Bl win} Qd5 $146 (13... Bg5 14. Rae1 $14 {
main,4 Wh wins, 1 draw,1 Bl win}) (13... Rc8 14. c4 $11 {2-0; incl
Smyslov-Mariotti, Venice 1974,1-0}) (13... cxd4 14. Bxd4 Rc8 15. c4 $11 {
3-0, incl Smyslov game}) 14. Rf4 (14. c4 Qc6 15. Rf4 $16 {Cloud Engines}) 14...
cxd4 (14... f5 $11 {Stockfish10}) 15. Bxd4 $16 Qd8 16. Nxe4 Bxe4 17. Rxe4 g5 $2
{to keep the R in ( but it doesn't) , though it severely weakens the K side} (
17... Qc7 18. c3 Bc5 19. Qh3 $16 {Stockfish10}) 18. Rf4 $18 (18. Rf1 $18) (18.
c4 $18) 18... h5 19. Qg3 g4 20. Rf6 {right idea, but too early} (20. Rff1 $18
Qc7 21. c4 Bg5 22. Qf2 Kg7 23. h3 $18 {Stockfish10}) (20. Rxg4+ $1 {Bl is
temporarily playing without his QR} hxg4 21. Qxg4+ Bg5 (21... Kh7 22. Qh5+ Kg7
23. Rf1 f5 24. exf6+ Rxf6 (24... Bxf6 25. Qg5+) 25. Rf4 e5 26. Bxe5 Qd2 27.
Qg5+ Kf7 28. Bxf6 Qxe3+ 29. Rf2 Qxg5 30. Bxg5+ $18) 22. Rf1 Kg7 (22... Kh7 23.
Rf6) 23. Rf6 Rh8 24. Qxg5+ Kf8 25. h4 $18 {Bl still without the QR being much
use}) 20... Bxf6 21. exf6 Qd5 $17 22. Rf1 Qg5 (22... Qe4 23. Qh4 Qg6 $17 {
Stockfish10}) 23. h4 Qg6 24. c4 Rfd8 25. Qe5 (25. Qe5 Rac8 26. g3 $15 {but the
Bl Rs have virtually Zero activity}) 1/2-1/2

[Event "West Wales Congress Major"]
[Site "Swansea"]
[Date "2019.10.13"]
[Round "4.2"]
[White "Di-Vetta, Andrew"]
[Black "Williams, Stephen"]
[Result "0-1"]
[WhiteElo "1812"]
[BlackElo "1675"]
[Annotator "kemen"]
[PlyCount "100"]
[EventDate "2019.10.11"]
[EventType "swiss"]
[EventRounds "5"]
[EventCountry "WLS"]

{[%evp 0,100,80,48,57,75,84,73,114,34,20,52,68,42,33,-7,44,-4,2,-13,-29,-37,8,
-33,-11,-12,10,-116,-116,-96,-96,-114,-86,-96,-96,-133,-104,-143,-117,-120,
-114,-117,-125,-144,-131,-148,-148,-149,-127,-205,-136,-151,-114,-177,-177,
-160,-142,-170,-101,-110,-101,-97,-82,-90,-90,-91,-92,-98,-89,-94,-89,-86,-94,
-95,-143,-170,-176,-186,-186,-220,-220,-220,-230,-239,-247,-267,-248,-280,-293,
-295,-313,-313,-296,-456,-721,-819,-872,-872,-906,-906,-899,-1027,-1085]} 1. e4
c6 2. d4 d5 3. e5 c5 4. c3 (4. dxc5 {main}) 4... Nc6 5. Nf3 Bg4 6. Be2 e6 {
Bl has a superior French} 7. O-O Qb6 (7... Nge7) 8. Qa4 (8. dxc5) (8. Nbd2 {
main lines}) 8... Bxf3 (8... Bh5 9. Nbd2 cxd4 10. cxd4 Nge7 11. Rd1 Nf5 12. Nb3
Be7 13. h3 Nh4 14. g4 Nxf3+ 15. Bxf3 Bg6 16. Be3 O-O {Tomanikova-Sedlakova,
SVK ch women, Trencin 1991,0-1}) 9. dxc5 (9. Bxf3 cxd4 10. cxd4 Qxd4 11. Qxd4
Nxd4 {0-9 in main databases, though with 1 draw in Basterfield- O Bennett,
Dyfed Minor 2012,1/2-1/2}) 9... Bxc5 (9... Qc7 10. Bxf3 Bxc5 $11 {Komodo13})
10. Bxf3 Qc7 (10... Nge7 11. Nd2 O-O 12. Nb3 Nxe5 13. Be2 Bd6 14. Be3 Qc7 $17 {
Steiner-Silber, GER ch U25, Oberhof 2013,1/2-1/2}) 11. b4 (11. c4 $11 {Cloud
Engines}) 11... Bb6 $15 12. Bf4 Nge7 13. Na3 O-O 14. Nb5 Qb8 $19 15. Rfe1 Ng6 (
15... a6 16. Na3 Bc7 $19 {Komodo13}) 16. Bg3 Ncxe5 17. Be2 Qd8 18. Bh5 Nc4 (
18... Nd3) 19. Qd1 a6 20. Nd4 Qf6 {Bl is a solid pawn up, plus Wh has a
weakness on c3} 21. Rc1 Nf4 22. Bxf4 Qxf4 23. g3 Qf6 24. Kg2 Rac8 25. f4 Bxd4 (
25... Nd6 26. Bf3 Bxd4 27. Qxd4 Qxd4 28. cxd4 Nf5 {wins the d pawn}) 26. Qxd4
Qxd4 27. cxd4 g6 (27... Ne3+ 28. Kf2 Nc2 {Komodo13}) 28. Be2 Nd6 (28... Ne3+
29. Kf2 Nc2 30. Rg1 Nxb4 31. a4 a5 $19) 29. g4 Rxc1 30. Rxc1 Rc8 31. Rxc8+ Nxc8
{it takes longer now as Wh's B is useful on both sides of the board} 32. a4 Nd6
33. Bd3 h6 34. Kf3 Kf8 35. h4 Ke7 36. h5 (36. g5 $17 {better, as the resultant
h pawn is a liability; a N coming to f5 can then simply be removed & the Bl K
has no entry}) 36... gxh5 37. gxh5 Kf6 $19 38. Kg4 Nc4 39. b5 axb5 40. axb5
Ne3+ 41. Kf3 Nf5 42. b6 (42. Bxf5 Kxf5 43. b6 f6 {zugzwang}) 42... Nxd4+ 43.
Ke3 Nf5+ 44. Kf3 Nd6 45. Ke3 Nc4+ (45... e5) 46. Bxc4 dxc4 47. Kd4 Kf5 48. Kxc4
Kxf4 49. Kc5 Ke5 (49... e5 {as winning the b pawn takes too long for Wh}) 50.
Kc4 f5 {requires no calculation} 0-1

[Event "West Wales Congress Major"]
[Site "Swansea"]
[Date "2019.10.13"]
[Round "4.3"]
[White "Pe, Philip"]
[Black "Philpin, Les"]
[Result "1-0"]
[WhiteElo "1789"]
[BlackElo "1675"]
[Annotator "kemen"]
[PlyCount "51"]
[EventDate "2019.10.11"]
[EventType "swiss"]
[EventRounds "5"]
[EventCountry "WLS"]

1. e4 e6 2. d4 d5 3. Nd2 Be7 {a useful waiting move} 4. Ngf3 {in the normal
Tarrasch, this N can go to e2, leaving f3 free for the other N to come to
protect the d4 pawn} Nf6 5. e5 Nfd7 6. Bd3 c5 7. c3 c4 $6 {takes all the
tension from the centre, giving Wh a free hand on the K side} (7... Nc6 8. O-O
g5 (8... Qb6) (8... cxd4 9. cxd4 Qb6 10. Re1 {is the Korchnoy Gambit})) 8. Bb1
(8. Bc2 {3-1}) 8... Nc6 9. O-O (9. Ng1 b5 10. a3 a5 11. f4 O-O 12. Qc2 g6 13.
Ndf3 {Roos-Jorke, Goch op 2014,1-0}) 9... Nf8 (9... b5 10. Re1 b4 11. Nf1 Qb6
12. Ng3 Rb8 13. Nh5 O-O 14. Qc2 g6 15. Bh6 Re8 16. Bc1 $11 {Campean-Bilic, EU
girls U18, Mamaia 2017,1-0} (16. Qd2 $18 {Stockfish10})) 10. a4 {gaining space
on the Q side, just in case Bl decides to put hids K there} (10. b4) 10... Na5
11. b4 Nc6 (11... cxb3 12. Nxb3 Nc4 13. Nfd2 $16 {Stockfish10}) 12. Ne1 (12.
Re1 $18) (12. Bc2 $18) 12... Ng6 13. f4 (13. Qh5 $18) (13. g3 $18) 13... h5 14.
Ra2 (14. b5 Nb8 15. Bxg6 fxg6 16. Qc2 $18 {Stockfish10}) (14. Ndf3 Nh4 15. Nxh4
Bxh4 16. Nf3 Be7 17. Ng5 $18 {Stockfish10}) 14... Bd7 15. f5 (15. g3 Nf8 16.
Ng2 g6 17. Nf3 Qc7 18. Ng5 $18 (18. Ne3 $18 {Stockfish10})) 15... Nf8 (15...
exf5 16. Bxf5 Nh4 17. Bxd7+ (17. Bb1) 17... Qxd7 18. Ndf3 $18 {Stockfish10})
16. Qf3 $18 (16. b5 Na5 17. f6 $18) (16. f6 $18 {Stockfish10}) 16... Qc7 17.
Ba3 Bg5 18. Qg3 Nh7 19. fxe6 (19. Ndf3 Bh6 20. b5 Na5 21. Nh4 O-O-O 22. Bd6 Qb6
23. Raf2 $18 {Stockfish10}) 19... Bxe6 20. Bxh7 Bxd2 21. Bf5 (21. Qxg7) (21.
Rxd2) 21... Bxf5 22. Rxd2 g6 23. b5 Ne7 24. Qg5 (24. Nc2 Be6 25. Ne3 {Bl is
being attacked across the whole board & his Rs are standing unused}) 24... Rh7
25. Bxe7 Qxe7 26. Rxf5 1-0